Bez obáv o nedostatok liečiv ČR a SR
Situácia v obchode SR a ČR s výrobkami farmaceutického priemyslu. Dobre fungujúci vzájomný obchod. Privatizácia lekární a jej dôsledky.
Saved in:
| Main Author: | |
|---|---|
| Format: | Book Chapter |
| Language: | Slovak |
| Subjects: | |
| Tags: |
No Tags, Be the first to tag this record!
|
MARC
| LEADER | 00000naa a2200000 4500 | ||
|---|---|---|---|
| 001 | r015702 | ||
| 005 | 20221213081827.0 | ||
| 041 | 0 | |a slo | |
| 044 | |a CZ | ||
| 245 | 1 | 0 | |a Bez obáv o nedostatok liečiv |b ČR a SR |c M. Zábojníková |
| 520 | |a Situácia v obchode SR a ČR s výrobkami farmaceutického priemyslu. Dobre fungujúci vzájomný obchod. Privatizácia lekární a jej dôsledky. | ||
| 610 | 2 | 0 | |a priemysel farmaceutický |
| 610 | 2 | 0 | |a obchod zahraničný |
| 610 | 2 | 0 | |a liečivá |
| 610 | 2 | 0 | |a Slovensko |
| 610 | 2 | 0 | |a Česko |
| 100 | 1 | |a Zábojníková, M. | |